000 00740nam a2200193Ia 4500
003 GCL
008 140319s9999 xx 000 0 ara d
040 _aGCL /
_cGCL
082 0 4 _a416
_bا ت
100 1 _aرجاء عيد
245 1 0 _aالتجديد الموسيقى فى الشعر العربى: دراسة تأحليلية تطبيقية بين القديم والجديد لموسيقى الشعر العربى /
_cرجاء عيد
260 _a[S.N] :
_bمنشاة المعارف الاسلامية ،
_c1987
300 _a326 ص
490 _aكتب الادب والنقد
_v0
650 0 4 _aالشعر العربى
650 0 4 _aالاوزان الشعرية
650 0 4 _aالتفعيلات الشعرية
942 _2ddc
_cBK
999 _c36853
_d36853